000
00234nam a2200097Ia 4500
008
220204s9999 xx 000 0 und d
082
_a
643.51
_b
HOW
245
0
_a
How to design a chic bedroom
260
_a
Japan
_b
Joie
_c
1980
942
_c
BK
999
_c
25635
_d
25635